| 000 | 00416nam a2200157Ia 4500 | ||
|---|---|---|---|
| 008 | 181130s2017 xx 000 0 und d | ||
| 100 | _aRoy, P.K. | ||
| 245 | _aVision for developing Andaman and Nicobar Islands | ||
| 260 | _c2017 | ||
| 300 | _ap.90-101. | ||
| 504 | _dOct-Dec | ||
| 650 | _aAndaman and Nicobar Islands | ||
| 650 | _aEconomic development | ||
| 773 | _aDialogue | ||
| 906 | _aEconomic development | ||
| 999 |
_c506275 _d506275 |
||